000 01150cam a2200301 a 4500
001 4034070
003 NUST-PNEC
005 20170116180734.0
008 980618s1998 nyua 001 0 eng
010 _a 98027220
020 _a1576102831
040 _aDLC
_cPNEC
_dDLC
050 0 0 _aQA76.73.B3
_bH75 1998
082 0 0 _a005.43 HOL
_221
100 1 _aHolzner, Steven.
245 1 0 _aVisual Basic 6 black book : indispensable problem solver /
_cSteven Holzner.
246 3 _aVisual Basic six black book
260 _aAlbany, NY :
_bCoriolis Technology Press,
_cc1998.
300 _axxxvii, 1095 p. :
_bill. ;
_c24 cm.
500 _aIncludes index.
538 _aSystem requirements for accompanying computer disc: Windows 95, NT.
630 0 0 _aVisual Basic.
650 0 _aBASIC (Computer program language)
_xComputer, MIS
856 _uhttp://www.amazon.com/s/ref=nb_sb_noss?url=search-alias%3Dstripbooks&field-keywords=1576102831
906 _a7
_bcbc
_corignew
_d1
_eocip
_f19
_gy-gencatlg
942 _2ddc
_cBK
999 _c61912
_d61912